<?xml version="1.0" encoding="UTF-8"?>
<record
    xmlns:xsi="http://www.w3.org/2001/XMLSchema-instance"
    xsi:schemaLocation="http://www.loc.gov/MARC21/slim http://www.loc.gov/standards/marcxml/schema/MARC21slim.xsd"
    xmlns="http://www.loc.gov/MARC21/slim">

  <leader>02130cam a22003252u 4500</leader>
  <controlfield tag="001">a6132336</controlfield>
  <controlfield tag="003">CO-ViMGA</controlfield>
  <controlfield tag="005">20230915233614.0</controlfield>
  <controlfield tag="008">180314s2012    sp |||||o|||| ||| ||spa d</controlfield>
  <datafield tag="020" ind1=" " ind2=" ">
    <subfield code="a">9789585783027</subfield>
  </datafield>
  <datafield tag="040" ind1=" " ind2=" ">
    <subfield code="a">CO-ViMGA</subfield>
    <subfield code="b">spa</subfield>
    <subfield code="c">CO-ViMGA</subfield>
  </datafield>
  <datafield tag="041" ind1="1" ind2=" ">
    <subfield code="h">eng</subfield>
  </datafield>
  <datafield tag="082" ind1="0" ind2="4">
    <subfield code="a">813 D554m</subfield>
  </datafield>
  <datafield tag="100" ind1="1" ind2=" ">
    <subfield code="a">Dicks, Matthew</subfield>
    <subfield code="4">aut</subfield>
    <subfield code="d">1971-</subfield>
    <subfield code="9">1133</subfield>
  </datafield>
  <datafield tag="240" ind1="1" ind2="0">
    <subfield code="a">Memoirs of an imaginary friend</subfield>
    <subfield code="l">Espa&#xF1;ol</subfield>
  </datafield>
  <datafield tag="245" ind1="1" ind2="0">
    <subfield code="a">Memorias de un amigo imaginario /</subfield>
    <subfield code="c">Matthew Dicks ; traducci&#xF3;n de Victoria Alonso Blanco</subfield>
  </datafield>
  <datafield tag="260" ind1=" " ind2=" ">
    <subfield code="a">Barcelona</subfield>
    <subfield code="b">Nube de Tinta</subfield>
    <subfield code="c">2018</subfield>
  </datafield>
  <datafield tag="300" ind1=" " ind2=" ">
    <subfield code="a">427 p. :</subfield>
    <subfield code="b">22 cm.</subfield>
  </datafield>
  <datafield tag="520" ind1=" " ind2=" ">
    <subfield code="a"> "Max solo tiene ocho a&#xF1;os y no es como los dem&#xE1;s ni&#xF1;os. &#xC9;l vive para dentro y cuanto menos le molesten, mucho mejor. No le gustan los cambios, las sorpresas, los ruidos, que lo toquen ni que le hagan hablar por hablar. Si alguien le preguntara cu&#xE1;ndo es m&#xE1;s feliz, seguro que dir&#xED;a que jugando con sus legos y planeando batallas entre ej&#xE9;rcitos enemigos. Max no tiene amigos, porque nadie lo entiende y todos, hasta los profesores y sus propios padres, quieren que sea de otra manera. Solo me tiene a m&#xED;, que soy su amigo desde hace cinco a&#xF1;os. Ahora s&#xE9; que Max corre peligro y solo yo lo puedo ayudar. El problema es que Max es el &#xFA;nico que puede verme y o&#xED;rme. Tengo mucho miedo por &#xE9;l, pero sobre todo por m&#xED;. Los padres de Max dicen que soy un amigo imaginario".</subfield>
  </datafield>
  <datafield tag="534" ind1=" " ind2=" ">
    <subfield code="t">Memoir of an imaginary friend</subfield>
  </datafield>
  <datafield tag="650" ind1="1" ind2="4">
    <subfield code="a"> Novela juvenil estadounidense</subfield>
    <subfield code="y">Siglo XX</subfield>
    <subfield code="9">1134</subfield>
  </datafield>
  <datafield tag="650" ind1="1" ind2="4">
    <subfield code="a">Amistad en la literatura</subfield>
    <subfield code="9">1136</subfield>
  </datafield>
  <datafield tag="650" ind1="1" ind2="4">
    <subfield code="a">Literatura juvenil estadounidense </subfield>
    <subfield code="y">Siglo XX</subfield>
    <subfield code="9">1135</subfield>
  </datafield>
  <datafield tag="653" ind1=" " ind2=" ">
    <subfield code="a">Relatos de terror y fantasmas, obras de suspense (infantil/juvenil)</subfield>
  </datafield>
  <datafield tag="653" ind1=" " ind2=" ">
    <subfield code="a">Relatos rom&#xE1;nticos y de relaciones interpersonales (infantil/juvenil)</subfield>
  </datafield>
  <datafield tag="653" ind1=" " ind2=" ">
    <subfield code="a">Thriller (infantil/juvenil)</subfield>
  </datafield>
  <datafield tag="700" ind1="1" ind2=" ">
    <subfield code="a">Alonso Blanco, Victoria</subfield>
    <subfield code="e">traductor</subfield>
    <subfield code="4">trl</subfield>
    <subfield code="9">1137</subfield>
  </datafield>
  <datafield tag="856" ind1="4" ind2="1">
    <subfield code="y">Acceso al documento electr&#xF3;nico</subfield>
    <subfield code="u">http://repositorio.dl-e.es/epub.vm?id=0000015128.epub</subfield>
    <subfield code="z">Acceso y/o uso restringido, disponible s&#xF3;lo desde la Biblioteca Nacional de Espa&#xF1;a y los centros de conservaci&#xF3;n</subfield>
  </datafield>
  <datafield tag="942" ind1=" " ind2=" ">
    <subfield code="2">ddc</subfield>
    <subfield code="c">BK</subfield>
  </datafield>
  <datafield tag="999" ind1=" " ind2=" ">
    <subfield code="c">37364</subfield>
    <subfield code="d">37364</subfield>
  </datafield>
  <datafield tag="952" ind1=" " ind2=" ">
    <subfield code="0">0</subfield>
    <subfield code="1">0</subfield>
    <subfield code="2">ddc</subfield>
    <subfield code="4">0</subfield>
    <subfield code="7">0</subfield>
    <subfield code="8">003</subfield>
    <subfield code="a">MEVIECAR</subfield>
    <subfield code="b">MEVIECAR</subfield>
    <subfield code="d">2020-04-21</subfield>
    <subfield code="l">1</subfield>
    <subfield code="m">2</subfield>
    <subfield code="o">813 D554m</subfield>
    <subfield code="p">33411</subfield>
    <subfield code="r">2022-09-08 00:00:00</subfield>
    <subfield code="s">2022-08-04</subfield>
    <subfield code="w">2020-04-21</subfield>
    <subfield code="y">BK</subfield>
  </datafield>
  <datafield tag="952" ind1=" " ind2=" ">
    <subfield code="0">0</subfield>
    <subfield code="1">0</subfield>
    <subfield code="2">ddc</subfield>
    <subfield code="4">0</subfield>
    <subfield code="7">0</subfield>
    <subfield code="8">003</subfield>
    <subfield code="a">MEVIECAR</subfield>
    <subfield code="b">MEVIECAR</subfield>
    <subfield code="d">2020-04-21</subfield>
    <subfield code="l">1</subfield>
    <subfield code="m">1</subfield>
    <subfield code="o">813 D554m</subfield>
    <subfield code="p">33412</subfield>
    <subfield code="r">2022-10-28 00:00:00</subfield>
    <subfield code="s">2022-09-24</subfield>
    <subfield code="w">2020-04-21</subfield>
    <subfield code="y">BK</subfield>
  </datafield>
</record>
